000
00290nam a2200145Ia 4500
100
_a
Holzer steven
942
_c
BK
654
_a
Computer
245
_a
Visual J++ 1.1.
260
_b
B.P.B
_a
New Delhi
_c
1997
082
_a
5.133
_b
J++
300
_a
524
546
_a
ENGLISH
999
_c
31024
_d
31024